Central Library OPAC University of Rajshahi

Decimal classification and relative index / (Record no. 84201)

MARC details
000 -LEADER
fixed length control field 00658nam a2200229 a 4500
001 - CONTROL NUMBER
control field 84201
003 - CONTROL NUMBER IDENTIFIER
rucl marc code BD-RjUL
005 - DATE AND TIME OF LATEST TRANSACTION
control field 20241031105211.0
008 - FIXED-LENGTH DATA ELEMENTS--GENERAL INFORMATION
fixed length control field 241031s1959 nyu 000 0 eng
035 ## - SYSTEM CONTROL NUMBER
System control number (BD-RjUL)84201
040 ## - CATALOGING SOURCE
Original cataloging agency DLC
Transcribing agency CarP
Modifying agency DLC
-- BD-RjUL
Language of cataloging eng
041 ## - LANGUAGE CODE
Language code of text/sound track or separate title eng
082 ## - DEWEY DECIMAL CLASSIFICATION NUMBER
Edition number 23
Classification number 025.431
Author mark and year DED 1959
100 1# - MAIN ENTRY--PERSONAL NAME
Personal name Dewey, Melvil,
Dates associated with a name 1851-1931.
9 (RLIN) 5412
245 10 - TITLE STATEMENT
Title Decimal classification and relative index /
Statement of responsibility, etc. Melvil Dewey.
250 ## - EDITION STATEMENT
Edition statement 8th ed.
260 ## - PUBLICATION, DISTRIBUTION, ETC. (IMPRINT)
Place of publication, distribution, etc. Lake Placed Club, N.Y.:
Name of publisher, distributor, etc. Forest Press,
Date of publication, distribution, etc. 1959
300 ## - PHYSICAL DESCRIPTION
Pagination 495 p.;
Size 27 cm.
650 #0 - SUBJECT ADDED ENTRY--TOPICAL TERM
Topical term or geographic name as entry element Classification, Dewey decimal
9 (RLIN) 5413
942 ## - ADDED ENTRY ELEMENTS (KOHA)
Source of classification or shelving scheme Dewey Decimal Classification
Koha item type Books
Holdings
Lost status Source of classification or shelving scheme Damaged status Not for loan Collection code Permanent Location Current Location Shelving location Date acquired Total Checkouts Full call number Date last seen Copy number Koha item type
  Dewey Decimal Classification   Not For Loan Non-fiction Central Library, University of Rajshahi Central Library, University of Rajshahi Reading Room 31/10/2024   025.431 DED 1959 31/10/2024 C-1 Books